000 00582cab a2200217 4500
001 X2090
008 090401t1995 xxu||||| |||| 00| 0 eng d
035 _a(Sirsi) u21710
041 _aeng
245 4 _aThe surveyor and property insolvency
260 _c1995
350 _a0
490 _aCSM (Chartered Surveyor Monthly)
_v4(5) March 1995, 42-43(2)
650 _aINDIVIDUAL VOLUNTARY ARRANGEMENT
650 _aINFORMATION PAPER
650 _aLAW OF PROPERTY ACT RECEIVERS
650 _aRICS
690 _aPROPERTY LAW AND PRACTICE
942 _n0
948 _c04/03/1997
999 _c14558
_d14558